| 000 | 01548nam a2200313 4500 | ||
|---|---|---|---|
| 001 | 232 | ||
| 003 | OSt | ||
| 005 | 20250528074015.0 | ||
| 008 | 250204b |||||||e |||| 00| 0 eng d | ||
| 020 | _a8525413259 | ||
| 040 | _bpor | ||
| 041 |
_heng _apor |
||
| 082 |
_a813 _bF216m |
||
| 100 | 1 |
_aFante, John, _d1909-1983. _9433 |
|
| 240 | _a1933 was a bad year | ||
| 245 |
_a1933 foi um ano ruim / _cFante, John ; Tradução de Lúcia Brito |
||
| 260 |
_aPorto Alegre _bL&PM _c2003 |
||
| 300 | _a138 p. | ||
| 520 | _aNo fundo do estado norte-americano do Colorado, Dominic Molise, 17 anos, filho de um pedreiro e uma dona-de-casa temente a Deus, ambos imigrantes italianos, sonha em fugir do frio, ir para a Califórnia e tornar-se um grande arremessador de baseball, graças ao seu vigoroso braço esquerdo - dádiva concedida à miséria da sua vida. Enquanto isso não acontece, ele atura a avó ranzinza, os irmãos e o pai, que trai a sua mãe, pede segredo ao filho e ainda por cima desdenha dos seus sonhos esportivos, querendo transformá-lo em pedreiro como ele. Dominic freqüenta a casa de Kenny, filho de um dos homens mais ricos da cidade, e apaixona-se por Dorothy, a refinada irmã do amigo. 1933 é um ano ruim porque Dominic depara-se com as impossibilidad | ||
| 650 | 0 |
_aLiteratura Americana _984 |
|
| 650 | 0 |
_aHistórico _953 |
|
| 650 | 0 |
_aEsporte _9434 |
|
| 650 | 0 |
_aDrama _918 |
|
| 650 | 0 |
_aFamilia _935 |
|
| 655 | 0 |
_aRomance _923 |
|
| 655 | 0 |
_aFicção _922 |
|
| 700 |
_aLúcia Brito _eTradutor _9435 |
||
| 942 |
_2ddc _n0 _cBK |
||
| 999 |
_c232 _d232 |
||